000
00310nam a2200133 a 4500
001
4140
005
20140414132020.0
008
090218s19uu xx 00 eng d
050
_a
TR 582.01
_b
J76 1992
100
_a
Jordan, Helene J.
245
_a
How a seed grows.
650
_a
Germination
999
_c
113453
_d
113453